000 00598nam a2200205Ia 4500
003 OSt
005 20230516105202.0
008 210423s1990 xx 000 0 und d
040 _cAL
041 _aeng
082 _a305.4
_223
_bTELI
100 _aTELLIS NAYAK;BRITS (Murlyn lobo)
_9104822
245 _aIndian women for ahead:case studies of women activites
260 _aNew Delhi
_bOxford University Press
_c1990
365 _b55
_cINR
650 _aSociology
_9104823
650 _aWomen Studies
_9104824
906 _aactivites ; ahead:case ; Indian ; studies ; women
942 _2ddc
_cBK
999 _c172154
_d172154